| 000 | 02147nam a2200337Ia 4500 | ||
|---|---|---|---|
| 003 | OSt | ||
| 005 | 20250219175811.0 | ||
| 008 | 130821s1998 ck gr spa | ||
| 040 |
_aCO-UDECOLOMBIA _bspa _cCO-UDECOLOMBIA _dCO-UDECOLOMBIA |
||
| 041 | 0 | 0 | _aspa |
| 082 | 0 | 4 |
_a346.03 _bG416 |
| 100 | 1 |
_aGhersi, Carlos A. _92860 |
|
| 245 | 1 | 3 |
_aLa relación médico-paciente en la responsabilidad civil / _cCarlos A. Ghersi, Celia Wingarten, Ana Iglesias, Gloria Ferrari, Beatriz Waisman. |
| 260 | 3 |
_aMedellín (Antioquia, Colombia) : _bLibrería Jurídica Sánchez R., _c1998. |
|
| 300 |
_a229 p. ; _c24 cm. |
||
| 500 | _aDaños económicos y extraeconómicos, Consentimiento informado del paciente, Culpa del paciente: eximición de responsabilidad médica, Deber de mutua información, Los derechos personalísimos en la salud, Derecho al no tratamiento y la muerte digna, La historia clínica y la prueba del daño, Aproximaciones al patentamiento del genoma humano, Legislación y jurisprudencia. | ||
| 504 | _aIncluye bibliografía e índice | ||
| 505 | 0 | _aLa información del paciente o familiares en la relación medical, el correcto diagnóstico y la evitación de daños -- Contrato y responsabilidad medica. El deber de información y el consentimiento informado (una visión crítica) -- Los derechos personalísimos. La ley de trasplantes y el proyecto de muerte digna -- Derecho personalísimo a la disposición del propio cuerpo. Derecho al no tratamiento -- Paciente, historia clínica y legajo médico. Daño económico y extraeconómico -- El genoma humano. El problema de su patentamiento -- Apéndice legislativo -- Apéndice de jurisprudencia | |
| 650 | 0 | 4 |
_aDerecho privado _9437 |
| 650 | 0 | 4 |
_aEnfermos _914526 |
| 650 | 0 | 4 |
_aEnfermos _zColombia _914526 |
| 650 | 0 | 4 |
_aGenoma humano _916327 |
| 650 | 0 | 4 |
_aLegislación social _zColombia _918345 |
| 650 | 0 | 4 |
_aResponsabilidad civil _923668 |
| 650 | 0 | 4 |
_aResponsabilidad médica _923682 |
| 700 | 1 |
_aFerrari, Gloria _9120855 |
|
| 700 | 1 |
_aIglesias, Ana _9120856 |
|
| 700 | 1 |
_aWaisman, Beatriz _9120857 |
|
| 700 | 1 |
_aWingarten, Celia _9120858 |
|
| 942 |
_cBK _2ddc _h346.03 G416 |
||
| 999 |
_c1964 _d1964 |
||